Perinatal nursing / (Record no. 80746)

MARC details
000 -LEADER
fixed length control field 02209nam a22002777a 4500
005 - DATE AND TIME OF LATEST TRANSACTION
control field 20250820213837.0
008 - FIXED-LENGTH DATA ELEMENTS--GENERAL INFORMATION
fixed length control field 240806b |||||||| |||| 00| 0 eng d
020 ## - INTERNATIONAL STANDARD BOOK NUMBER
International Standard Book Number 9781609136222 (pbk)
040 ## - CATALOGING SOURCE
Language of cataloging English
Transcribing agency URS
Description conventions rda
050 ## - LIBRARY OF CONGRESS CALL NUMBER
Classification number RG951
Item number .P418 2014
245 ## - TITLE STATEMENT
Title Perinatal nursing /
Statement of responsibility, etc edited by Kathleen Rice Simpson and Patricia A. Creehan.
250 ## - EDITION STATEMENT
Edition statement 4th edition.
264 ## - PUBLICATION, DISTRIBUTION, ETC. (IMPRINT)
Place of publication, distribution, etc Philadelphia :
Name of publisher, distributor, etc Wolters Kluwer Health/Lippincott Williams & Wilkins,
Date of publication, distribution, etc ©2014.
300 ## - PHYSICAL DESCRIPTION
Extent xvi, 752 pages :
Other physical details illustration ;
Dimensions 28 cm.
336 ## - CONTENT TYPE
Source rdacontent
Content type term text
Content type code txt
337 ## - MEDIA TYPE
Source rdamedia
Media type term unmediated
Media type code n
338 ## - CARRIER TYPE
Source rdacarrier
Carrier type term volume
Carrier type code nc
504 ## - BIBLIOGRAPHY, ETC. NOTE
Bibliography, etc Includes bibliographical references and index.
505 ## - FORMATTED CONTENTS NOTE
Formatted contents note Perinatal patient safety and professional liability issues / Kathleen Rice Simpson -- Integrating cultural beliefs and practices when caring for childbearing women and families / Lynn Clark Callister -- Physiologic changes of pregnancy / Susan Tucker Blackburn -- Antenatal care / Mary Lee Barron -- Hypertensive disorders of pregnancy / Judith H. Poole -- Bleeding in pregnancy / Mary Ellen Burke Sosa -- Preterm labor and birth / Nancy Jo Reedy -- Diabetes in pregnancy / Julie M. Daley -- Cardiac disease in pregnancy / Julie Arafeh -- A pulmonary complications in pregnancy / Suzanne McMurtry Baird and Betsy B. Kennedy -- Multiple gestation / Nancy A. Bowers -- Obesity in pregnancy / Mary Ann Maher -- Maternal fetal transport / Judy Wilson-Griffin -- Labor and birth / Kathleen Rice Simpson and Nancy O'Brien-Abel -- Fetal assessment during labor / Audrey Lyndon, Nancy O'Brien Abel, and Kathleen Rice Simpson -- Pain inlabor : nonpharmacologic and pharmacologic management / Carol Burke -- Postpartum care / Dotti C. James -- Newborn adaptation to extrauterine life / Debbie Fraser -- Newborn physical assessment / Lyn Vargo -- Newborn nutrition / Jill Janke -- Common neonatal complications / Joan Renaud Smith and Annette Carley.
650 #0 - SUBJECT ADDED ENTRY--TOPICAL TERM
Topical term or geographic name as entry element Maternal-Child nursing.
9 (RLIN) 5927
650 #0 - SUBJECT ADDED ENTRY--TOPICAL TERM
Topical term or geographic name as entry element Neonatal nursing.
9 (RLIN) 5929
650 #0 - SUBJECT ADDED ENTRY--TOPICAL TERM
Topical term or geographic name as entry element Perinatal care.
9 (RLIN) 5930
700 ## - ADDED ENTRY--PERSONAL NAME
Personal name Simpson, Kathleen Rice.,
Relator term editor.
9 (RLIN) 5931
700 ## - ADDED ENTRY--PERSONAL NAME
Personal name Creehan, Patricia A.,
Relator term editor.
9 (RLIN) 5932
942 ## - ADDED ENTRY ELEMENTS (KOHA)
Source of classification or shelving scheme Library of Congress Classification
Koha item type Foreign Books
Holdings
Withdrawn status Lost status Source of classification or shelving scheme Damaged status Not for loan Collection code Home library Current library Shelving location Date acquired Source of acquisition Total Checkouts Full call number Barcode Date last seen Copy number Koha item type
    Library of Congress Classification     Non-fiction Taytay College Library Taytay College Library Foreign Section 08/06/2024 Donation   RG951 .P418 2014 URSTAY-5639 06/04/2025 1 Foreign Books

University of Rizal System
Email us at univlibservices@urs.edu.ph

Visit our Website www.urs.edu.ph/library